11 titular selección francesa mundial 2022 - Estadísticas

Estadísticas generales
  • Esta prueba ha sido intentada 109 veces
  • La puntuación promedio es 8 de 11
Estadísticas de respuestas
Hint Respuesta % Correcto
POR Lloris
98%
DEL Mbappe
93%
DEL Griezmann
88%
DEL Giroud
85%
MED Dembele
67%
DEF Kounde
67%
MED Tchouameni
64%
DEF Varane
64%
DEF Hernandez
63%
MED Rabiot
63%
DEF Upamecano
63%
No se encontraron pruebas coincidentes
Distribución de puntuación
Porcentaje de gente con cada puntuación
Porcentaje por número respondido
Historial de tus puntuaciones
No has intentado esta prueba.